Welsh Words - Statistics

General Stats
  • This quiz has been taken 1,038 times
  • The average score is 11 of 15
Answer Stats
Hint Answer % Correct
Wales Cymru
97%
Thank You Diolch
91%
Red Coch
89%
Blue Glas
86%
Black Du
83%
Carrot Moron
81%
Hello Helo
80%
Happy Hapus
79%
With Gyda
73%
Sing Canu
69%
Microwave poptyping
63%
Boy Bachgen
61%
Stupid Twp
48%
Girl Merched
47%
Hufflepuff Wfftipwff
5%
No matching quizzes found
Score Distribution
Percent of People with Each Score
Percentile by Number Answered
Your Score History
You have not taken this quiz